| 000 | 01491cam a22003615a 4500 | ||
|---|---|---|---|
| 001 | 016885431 | ||
| 003 | OSt | ||
| 005 | 20160724140355.0 | ||
| 008 | 140922s2015 enka fr 001|0|eng|d | ||
| 015 |
_aGBB4A6348 _2bnb |
||
| 016 | 7 |
_a016885431 _2Uk |
|
| 020 | _a1138787167 | ||
| 020 | _a9781138787162 | ||
| 040 |
_aStDuBDS _beng _cStDuBDS _dEG-ScBUE |
||
| 082 | 0 | 4 |
_a345.42 _bBAI _222 |
| 100 | 1 |
_aBaird, Norman‏. _940427 |
|
| 245 | 1 | 0 |
_aQ&A criminal law / _cNorman Baird. |
| 246 | 3 | 0 | _aCriminal law |
| 246 | 3 | _aQ and a criminal law | |
| 250 | _a10 th ed. | ||
| 260 |
_aOxford : _bRoutledge / Taylor & Francis Group , _cc.2015. |
||
| 300 |
_a174 p. : _bill. ; _c23 cm. |
||
| 490 | 0 | _aRoutledge Q&A series. | |
| 500 | _aIndex : p. 169-174. | ||
| 505 | _aIntroduction -- General principles of criminal law -- Homicide -- Non fatal offences against the person -- General defences -- Modes of participation, inchoate offences and vicarious liability -- Offences against property -- Mixed questions. | ||
| 520 | _aThis work explains the principles of law relating to the major offences and defences in criminal law. It demonstrates a range of effective methods for answering typical examination and assessment questions. | ||
| 650 | 7 |
_aCriminal law _zEngland _vExaminations, questions, etc. _2BUEsh _940428 |
|
| 650 | 7 |
_aCriminal law _zWales. _2BUEsh _940429 |
|
| 650 | 7 |
_aCriminal law. _940402 |
|
| 651 | _2BUEsh | ||
| 653 |
_bLLAAWW _cJuly2016 |
||
| 942 |
_2ddc _e22 _k345.42 BAI |
||
| 999 |
_c22020 _d21992 |
||